| 000 | 00435nam a2200181Ia 4500 | ||
|---|---|---|---|
| 008 | 230524s9999 xx 000 0 und d | ||
| 020 | _a9780199052792 | ||
| 082 | _bBIS | ||
| 100 |
_aR.K.Bisht _942199 |
||
| 245 | 0 | _aDiscrete Mathamatical | |
| 250 | _a1 | ||
| 260 |
_aNew Delhi _bOxford _c2015 |
||
| 300 | _a"XXIV,601p;" | ||
| 500 | _aQuantity Number: 1 | ||
| 650 |
_aMathamatics _942200 |
||
| 700 | _aH.S.Dhami | ||
| 942 | _cBK | ||
| 999 |
_c56549 _d56549 |
||